Studené mísy : lahůdky pro pohoštění a potěšení /

Uložené v:
Podrobná bibliografia
Hlavný autor: Pfliegner, Ingo
Médium: Kniha
Jazyk:Czech
German
Vydané: Martin : Neografia, a.s., 1993.
Vydanie:1. vyd.
Témy:
ISBN: 8085186489 (viaz.)
Fyzický popis: 159 s.
Tagy: Pridať tag
Žiadne tagy, Buďte prvý kto otaguje tento záznam!

MARC

LEADER 00000nam a2200000 a 4500
001 000072239
003 SVKK
005 20111028175404.0
008 990729s1993 xo e f 000 0 cze d
020 |a 8085186489 (viaz.) 
040 |a SVKKK  |b slo  |c SVKKK  |e AACR2 
041 1 |a cze  |h ger 
044 |a xo  |c SK 
080 |a 641.8(083.1)  |2 1997 
100 1 |a Pfliegner, Ingo 
245 1 0 |a Studené mísy :  |b lahůdky pro pohoštění a potěšení /  |c Ingo Pfliegner. 
250 |a 1. vyd. 
260 |a Martin :  |b Neografia, a.s.,  |c 1993. 
300 |a 159 s. 
500 |a Preklad z nem. orig. 
653 0 |a misy studené  |2 SVKKKPH 
653 0 |a knihy kuchárske  |2 SVKKKPH 
653 0 |a príprava  |2 SVKKKPH 
655 7 |a príručky  |2 SVKKKPH 
910 |a svkkk 
919 |a 80-85186-48-9 
974 |a MI  |d 19990729 
974 |a PA  |d 19990729 
974 |a PA  |d 20010430 
998 |a BK 
090 |g SCKHL  |k Sklad Pribinova prízemie  |a IV.166126  |j 871194  |i 72239-10  |s Absenčne